Giáo trình điện tử I
Trình bày về diode bán dẫn, ổn định phân cực, thiết kế và phân tích tín hiệu nhỏ, tần số thấp,...
Sparad:
| Huvudupphovsman: | |
|---|---|
| Materialtyp: | Bok |
| Språk: | Undetermined |
| Publicerad: |
Thành phố Hồ Chí Minh
Trường Đại học Bách Khoa
1997
|
| Ämnen: | |
| Taggar: |
Lägg till en tagg
Inga taggar, Lägg till första taggen!
|
| Thư viện lưu trữ: | Trung tâm Học liệu Trường Đại học Cần Thơ |
|---|
| LEADER | 00795nam a2200205Ia 4500 | ||
|---|---|---|---|
| 001 | CTU_29806 | ||
| 008 | 210402s9999 xx 000 0 und d | ||
| 020 | |b 17.500đ | ||
| 082 | |a 621.381 | ||
| 082 | |b Th561/T.1 | ||
| 100 | |a Lê, Tiến Thường | ||
| 245 | 0 | |a Giáo trình điện tử I | |
| 245 | 0 | |c Lê Tiến Thường; Phạm Hồng Liên (Hiệu đính) | |
| 260 | |a Thành phố Hồ Chí Minh | ||
| 260 | |b Trường Đại học Bách Khoa | ||
| 260 | |c 1997 | ||
| 520 | |a Trình bày về diode bán dẫn, ổn định phân cực, thiết kế và phân tích tín hiệu nhỏ, tần số thấp,... | ||
| 650 | |a Electronics | ||
| 904 | |i Minh, Năm | ||
| 980 | |a Trung tâm Học liệu Trường Đại học Cần Thơ | ||